Základy řeči : učebnice jazyka českého pro 2. postupný ročník škol pro hluchoněmé /

Hlavní autor: Poul, Jan, 1914-
Další autoři: Štejgerle, Ladislav, 1913-2004, Konečný, Augustin, 1905-1966
Jazyk: Čeština
Vydáno: Praha : Státní pedagogické nakladatelství, 1956
Vydání: 1. vyd.
Edice: Učebnice škol pro hluchoněmé
Fyzický popis: 127 s. : il. ; 8°
Knihy
Uloženo v:
LEADER 01181nam a22002772a 4500
001 000780744
003 CZ BrMZK
005 20150414141248.0
007 ta
008 050627a1956 xr a er|||||||||||cze d
015 |a cnb000681358 
035 |a (OCoLC)85457082 
040 |a ABA001  |b cze  |c OSA001  |d ABA001  |d BOA001 
100 1 |a Poul, Jan,  |d 1914-  |7 jk01100819  |4 aut 
245 1 0 |a Základy řeči :  |b učebnice jazyka českého pro 2. postupný ročník škol pro hluchoněmé /  |c Jan Poul, Augustin Konečný, Ladislav Štejgerle ; ilustrace V. Kabát a Zd. Táborská 
250 |a 1. vyd. 
260 |a Praha :  |b Státní pedagogické nakladatelství,  |c 1956 
300 |a 127 s. :  |b il. ;  |c 8° 
490 1 |a Učebnice škol pro hluchoněmé 
700 1 |a Štejgerle, Ladislav,  |d 1913-2004  |7 jk01131223  |4 edt 
700 1 |a Konečný, Augustin,  |d 1905-1966  |7 mzk2002142128  |4 edt 
830 0 |a Učebnice škol pro hluchoněmé 
910 |a BOA001  |b PK-0015.418  |b 2-0370.810 
990 |a BK 
996 6 |b 2619957605  |c 2-0370.810  |l MZK  |r Sklad / do 24 hodin  |n 13  |w 000780744  |u 000020  |a 1  |e BOA001  |j MZK50  |s P 
996 7 |b 3119687066  |c PK-0015.418  |l MZK  |r Sklad / do 1 hodiny  |n 0  |w 000780744  |u 000010  |a 1  |e BOA001  |j MZK50  |s A